[Event "BCF-chT4S 1920 (4NCL)"]
[Site "England"]
[Date "2020.02.09"]
[Round "6.164"]
[White "Stoica, Horace"]
[Black "Hibbitt, Arthur M"]
[Result "0-1"]
[WhiteElo "1075"]
[BlackElo "1749"]
[PlyCount "68"]
[EventDate "2019.11.09"]
[EventType "team-swiss"]
[EventRounds "11"]
[EventCountry "ENG"]
[SourceTitle "EXT 2022"]
[Source "ChessBase"]
[SourceDate "2021.10.06"]
[SourceVersion "1"]
[SourceVersionDate "2021.10.06"]
[SourceQuality "1"]
[WhiteTeam "Barnet Knights IV"]
[BlackTeam "Banbury Bulldogs"]
[WhiteTeamCountry "ENG"]
[BlackTeamCountry "ENG"]

1. e4 c5 2. Nf3 g6 3. d4 cxd4 4. Nxd4 Nc6 5. Be3 Nf6 6. Nc3 Bg7 7. Qd2 0-0 8. 0-0-0 Ng4 9. Kb1 Nxe3 10. Qxe3 Bxd4 11. Rxd4 Nxd4 12. Qxd4 a6 13. g3 b5 14. b3 Bb7 15. h4 d5 16. Bd3 dxe4 17. Qxd8 Raxd8 18. Bxe4 Bxe4 19. Nxe4 f5 20. Nc3 b4 21. Nd1 Rd2 22. Nb2 Rxf2 23. Nd3 Rg2 24. Re1 Re8 25. Nxb4 e5 26. Nxa6 e4 27. Re3 Rd8 28. Nb4 Rdd2 29. a4 Rgf2 30. a5 Rf3 31. Rxf3 exf3 32. a6 f2 33. a7 f1Q+ 34. Kb2 Rd8 0-1

[Event "Torquay Bloodworth op"]
[Site "Torquay"]
[Date "2019.09.04"]
[Round "4"]
[White "Hibbitt, Arthur M"]
[Black "Pollard, Matthew B"]
[Result "1/2-1/2"]
[WhiteElo "1771"]
[BlackElo "1805"]
[PlyCount "79"]
[EventDate "2019.09.01"]
[EventType "swiss"]
[EventRounds "7"]
[EventCountry "ENG"]
[SourceTitle "CBM 192 Extra"]
[Source "Chessbase"]
[SourceDate "2019.11.06"]
[SourceVersion "1"]
[SourceVersionDate "2019.11.06"]
[SourceQuality "1"]

1. f4 d6 2. Nf3 g6 3. e4 c5 4. Bc4 e6 5. 0-0 Bg7 6. c3 Nc6 7. d3 Nge7 8. Kh1 Bd7 9. Na3 a6 10. Nc2 0-0 11. Qe1 Na5 12. Ne3 Nxc4 13. Nxc4 Bc6 14. Qh4 Nc8 15. Qg3 b5 16. Ne3 d5 17. exd5 Bxd5 18. Ng4 Ne7 19. Qf2 Rc8 20. Be3 Bxf3 21. Qxf3 Qd5 22. Qe2 Rfd8 23. Rad1 Qh5 24. Qf3 Rd7 25. d4 cxd4 26. Bxd4 Rcd8 27. Bxg7 Kxg7 28. Rxd7 Rxd7 29. Rd1 Rd5 30. c4 Rxd1+ 31. Qxd1 Qf5 32. Qd4+ f6 33. h3 h5 34. Ne3 Qb1+ 35. Kh2 bxc4 36. Qxc4 Qxb2 37. Qxe6 Qb4 38. g3 a5 39. Nc4 Qc5 40. Ne3 1/2-1/2

[Event "Torquay Bloodworth op"]
[Site "Torquay"]
[Date "2019.09.02"]
[Round "2"]
[White "Hibbitt, Arthur M"]
[Black "O'Brien, Paul W"]
[Result "1/2-1/2"]
[WhiteElo "1771"]
[BlackElo "1610"]
[PlyCount "40"]
[EventDate "2019.09.01"]
[EventType "swiss"]
[EventRounds "7"]
[EventCountry "ENG"]
[SourceTitle "CBM 192 Extra"]
[Source "Chessbase"]
[SourceDate "2019.11.06"]
[SourceVersion "1"]
[SourceVersionDate "2019.11.06"]
[SourceQuality "1"]

1. f4 e5 2. fxe5 d6 3. exd6 Bxd6 4. Nf3 g5 5. d3 g4 6. Nd4 Bxh2 7. Rxh2 Qxd4 8. g3 Nf6 9. c3 Qg1 10. Rg2 Qb6 11. e4 Nc6 12. Qe2 Ne5 13. Nd2 Be6 14. d4 Ng6 15. d5 Bd7 16. Nc4 Qa6 17. Qe3 Bb5 18. b3 0-0-0 19. Bd3 Rhe8 20. a4 Nxe4 1/2-1/2

[Event "Torquay Bloodworth op"]
[Site "Torquay"]
[Date "2019.09.01"]
[Round "1"]
[White "Woods, Timothy J"]
[Black "Hibbitt, Arthur M"]
[Result "1/2-1/2"]
[WhiteElo "1611"]
[BlackElo "1771"]
[PlyCount "81"]
[EventDate "2019.09.01"]
[EventType "swiss"]
[EventRounds "7"]
[EventCountry "ENG"]
[SourceTitle "CBM 192 Extra"]
[Source "Chessbase"]
[SourceDate "2019.11.06"]
[SourceVersion "1"]
[SourceVersionDate "2019.11.06"]
[SourceQuality "1"]

1. e4 c5 2. Nf3 g6 3. c4 Bg7 4. d4 cxd4 5. Nxd4 Nc6 6. Be3 Nf6 7. Nc3 0-0 8. Be2 a6 9. 0-0 Nxd4 10. Bxd4 d6 11. f3 Be6 12. Be3 Rc8 13. Nd5 Nxd5 14. exd5 Bf5 15. Qd2 b5 16. Rac1 bxc4 17. Bxc4 a5 18. b3 Rb8 19. Rfe1 Bd7 20. Rb1 Re8 21. Kh1 Bb5 22. Bxb5 Rxb5 23. Bg5 Rc5 24. Rbc1 Qc7 25. Rxc5 Qxc5 26. Rxe7 Rxe7 27. Bxe7 Qc7 28. Bg5 Bc3 29. Qd3 Be5 30. g3 Qc5 31. Be3 Qb4 32. Bd2 Qc5 33. Be3 Qa3 34. Qc2 Kg7 35. Bc1 Qb4 36. Bd2 Qb5 37. Qc1 Qxd5 38. Bh6+ Kf6 39. Bg5+ Kg7 40. Bh6+ Kf6 41. Bg5+ 1/2-1/2

[Event "BCF-chT4S 1819 (4NCL)"]
[Site "England"]
[Date "2019.05.05"]
[Round "10.103"]
[White "Hibbitt, Arthur M"]
[Black "Cole, Graham"]
[Result "0-1"]
[WhiteElo "1771"]
[BlackElo "1794"]
[PlyCount "96"]
[EventDate "2018.11.17"]
[EventType "team-swiss"]
[EventRounds "11"]
[EventCountry "ENG"]
[SourceTitle "EXT 2021"]
[Source "ChessBase"]
[SourceDate "2020.10.23"]
[SourceVersion "1"]
[SourceVersionDate "2020.10.23"]
[SourceQuality "1"]
[WhiteTeam "Banbury Bulldogs"]
[BlackTeam "Oxford IV"]
[WhiteTeamCountry "ENG"]
[BlackTeamCountry "ENG"]

1. f4 c5 2. Nf3 Nc6 3. e4 d6 4. Nc3 g6 5. Bb5 Bd7 6. 0-0 Bg7 7. Bxc6 Bxc6 8. d3 Nf6 9. Qe1 0-0 10. Qh4 e6 11. f5 Nd7 12. Bg5 Bf6 13. Ne2 exf5 14. Bxf6 Qxf6 15. Qxf6 Nxf6 16. exf5 Ng4 17. c3 Ne3 18. Rf2 Nxf5 19. Ng5 Rae8 20. d4 h6 21. Nh3 Bb5 22. Nef4 cxd4 23. cxd4 Nxd4 24. Nd5 Re5 25. Nhf4 Ne2+ 26. Nxe2 Rxe2 27. Rxe2 Bxe2 28. Re1 Bc4 29. Nc3 Be6 30. Nb5 d5 31. Nc7 Rd8 32. Nxe6 fxe6 33. Rxe6 Kf7 34. Re2 d4 35. Kf2 Rd6 36. Rd2 Kf6 37. Kf3 Kf5 38. g4+ Ke5 39. h4 Rf6+ 40. Kg3 Ke4 41. Re2+ Kd3 42. Re7 Rb6 43. b3 Kd2 44. Kf4 d3 45. Ke4 Rd6 46. Re5 Kd1 47. Ke3 d2 48. Kf2 Kc1 0-1

[Event "BCF-chT4S 1819 (4NCL)"]
[Site "England"]
[Date "2019.04.13"]
[Round "7.114"]
[White "Davies, Merlin"]
[Black "Hibbitt, Arthur M"]
[Result "0-1"]
[WhiteElo "1566"]
[BlackElo "1771"]
[PlyCount "68"]
[EventDate "2018.11.17"]
[EventType "team-swiss"]
[EventRounds "11"]
[EventCountry "ENG"]
[SourceTitle "EXT 2021"]
[Source "ChessBase"]
[SourceDate "2020.10.23"]
[SourceVersion "1"]
[SourceVersionDate "2020.10.23"]
[SourceQuality "1"]
[WhiteTeam "West is Best IV"]
[BlackTeam "Banbury Bulldogs"]
[WhiteTeamCountry "ENG"]
[BlackTeamCountry "ENG"]

1. e4 c5 2. d4 cxd4 3. c3 g6 4. cxd4 d5 5. exd5 Nf6 6. Bc4 Nxd5 7. Nc3 Be6 8. Qb3 Nc7 9. Bxe6 Nxe6 10. d5 Nc5 11. Qc4 Nbd7 12. Be3 Rc8 13. Qe2 Bg7 14. Nf3 0-0 15. 0-0 Nf6 16. Rad1 Ne8 17. Rfe1 Nd6 18. Bxc5 Rxc5 19. Qxe7 Bxc3 20. bxc3 Rxc3 21. Qe5 Rc2 22. Nd4 Rxa2 23. Ne6 fxe6 24. dxe6 Rfxf2 25. Qxd6 Rxg2+ 26. Kh1 Qxd6 27. Rxd6 Rxh2+ 28. Kg1 Rag2+ 29. Kf1 Rh1+ 30. Kxg2 Rxe1 31. Kf2 Re5 32. Kf3 Kf8 33. Rd7 Rxe6 34. Rxb7 Re7 0-1

[Event "ENG-ch Seniors 65"]
[Site "Solihull"]
[Date "2019.04.04"]
[Round "1"]
[White "Hibbitt, Arthur M"]
[Black "Downham, Alan"]
[Result "0-1"]
[WhiteElo "1771"]
[BlackElo "1967"]
[PlyCount "90"]
[EventDate "2019.04.04"]
[EventType "swiss"]
[EventRounds "6"]
[EventCountry "ENG"]
[SourceTitle "CBM 190 Extra"]
[Source "ChessBase"]
[SourceDate "2019.07.15"]
[SourceVersion "1"]
[SourceVersionDate "2019.07.15"]
[SourceQuality "1"]

1. f4 d5 2. Nf3 Bf5 3. d3 Nf6 4. g3 c5 5. Bg2 Nc6 6. 0-0 h6 7. c3 e6 8. Na3 Be7 9. h3 Qc7 10. Ne5 Nxe5 11. fxe5 Nd7 12. d4 cxd4 13. cxd4 0-0 14. Nb5 Qb6 15. Nc3 Bh7 16. Kh2 Rac8 17. e4 dxe4 18. Bxe4 Bxe4 19. Nxe4 Rc4 20. Qe2 Rxd4 21. Bxh6 Rxe4 22. Qxe4 Qxb2+ 23. Kh1 gxh6 24. Qg4+ Kh8 25. Rab1 Qxe5 26. Rxb7 Nf6 27. Qf3 Ne4 28. Rxe7 Nxg3+ 29. Kg2 Nxf1 30. Kxf1 Qa1+ 31. Kf2 Qd4+ 32. Ke2 Qb2+ 33. Kf1 Rc8 34. Rd7 Qb5+ 35. Qd3 Rc1+ 36. Kf2 Qxd3 37. Rxd3 Rc2+ 38. Kg3 Rxa2 39. Rd7 Kg7 40. h4 a5 41. Ra7 a4 42. Ra5 a3 43. Kf3 Ra1 44. Ra4 a2 45. Ke2 Rh1 0-1

[Event "BCF-chT4S 1819 (4NCL)"]
[Site "England"]
[Date "2019.01.12"]
[Round "3.53"]
[White "Hibbitt, Arthur M"]
[Black "Olufemi, George"]
[Result "0-1"]
[WhiteElo "1771"]
[BlackElo "1776"]
[PlyCount "58"]
[EventDate "2018.11.17"]
[EventType "team-swiss"]
[EventRounds "11"]
[EventCountry "ENG"]
[SourceTitle "EXT 2021"]
[Source "ChessBase"]
[SourceDate "2020.10.23"]
[SourceVersion "1"]
[SourceVersionDate "2020.10.23"]
[SourceQuality "1"]
[WhiteTeam "Banbury Bulldogs"]
[BlackTeam "The Pitstop"]
[WhiteTeamCountry "ENG"]
[BlackTeamCountry "ENG"]

1. f4 e5 2. fxe5 d6 3. exd6 Bxd6 4. Nf3 g5 5. g3 g4 6. Nh4 Ne7 7. d4 Ng6 8. Nxg6 hxg6 9. Qd3 Nc6 10. c3 Bf5 11. e4 Qe7 12. Nd2 0-0-0 13. Kd1 Be6 14. Bg2 Bc5 15. Qb5 Bb6 16. d5 Rh5 17. Qe2 Ne5 18. Nc4 Nf3 19. Nxb6+ axb6 20. Bxf3 gxf3 21. Qxf3 Rhxd5+ 22. Kc2 Re5 23. Bf4 Rxe4 24. Rad1 Bf5 25. Rxd8+ Qxd8 26. Kc1 Qd5 27. Rd1 Qxa2 28. Bg5 Qa1+ 29. Kc2 Re2+ 0-1

[Event "Torquay Paignton Rowena op"]
[Site "Torquay"]
[Date "2018.09.08"]
[Round "7"]
[White "Hibbitt, Arthur M"]
[Black "Brooks, Paul2222"]
[Result "1/2-1/2"]
[WhiteElo "150"]
[BlackElo "160"]
[PlyCount "104"]
[EventDate "2018.09.02"]
[EventType "swiss"]
[EventRounds "7"]
[EventCountry "ENG"]
[SourceTitle "CBM 187 Extra"]
[Source "ChessBase"]
[SourceDate "2018.11.04"]
[SourceVersion "1"]
[SourceVersionDate "2018.11.04"]
[SourceQuality "1"]

1. e4 e6 2. Nf3 d5 3. e5 c5 4. g3 Nc6 5. Qe2 g6 6. Bg2 Bg7 7. 0-0 Nge7 8. Re1 0-0 9. d3 Nf5 10. c3 h6 11. Nbd2 Rb8 12. Nf1 b5 13. g4 Nh4 14. Nxh4 Qxh4 15. f4 Bd7 16. Be3 Qe7 17. Ng3 Rfc8 18. Qf2 c4 19. Bc5 Qd8 20. d4 Bf8 21. Bxf8 Qxf8 22. Rf1 Ne7 23. h4 b4 24. h5 bxc3 25. bxc3 Rb5 26. Rab1 Rcb8 27. Rxb5 Rxb5 28. f5 g5 29. fxe6 Bxe6 30. Nf5 Nc8 31. Ne3 Ne7 32. Qc2 Qb8 33. Rf2 Qf8 34. Qa4 Qb8 35. Nf5 Bxf5 36. gxf5 Qb7 37. Qa3 Rb6 38. Qa4 Rb5 39. Qc2 a5 40. f6 Nc6 41. e6 Nd8 42. e7 Qd7 43. exd8Q+ Qxd8 44. Qf5 a4 45. Qe5 a3 46. Qe7 Qb8 47. Qxa3 Rb1+ 48. Rf1 Rxf1+ 49. Kxf1 Qb1+ 50. Kf2 Qc2+ 51. Kg3 Qd2 52. Qd6 Qe1+ 1/2-1/2

[Event "Torquay Paignton Rowena op"]
[Site "Torquay"]
[Date "2018.09.05"]
[Round "4"]
[White "Tello, Yasser"]
[Black "Hibbitt, Arthur M"]
[Result "1/2-1/2"]
[WhiteElo "161"]
[BlackElo "150"]
[PlyCount "120"]
[EventDate "2018.09.02"]
[EventType "swiss"]
[EventRounds "7"]
[EventCountry "ENG"]
[SourceTitle "CBM 187 Extra"]
[Source "ChessBase"]
[SourceDate "2018.11.04"]
[SourceVersion "1"]
[SourceVersionDate "2018.11.04"]
[SourceQuality "1"]

1. d4 d5 2. Nf3 Nf6 3. Bg5 e6 4. e3 Be7 5. Bd3 h6 6. Bh4 b6 7. 0-0 Ba6 8. Ne5 Bxd3 9. Qxd3 Nfd7 10. Bxe7 Qxe7 11. f4 Nxe5 12. fxe5 0-0 13. Nd2 c5 14. c4 Nc6 15. cxd5 Nb4 16. d6 Nxd3 17. dxe7 Rfe8 18. Nc4 Rxe7 19. Rad1 Nb4 20. a3 Na6 21. dxc5 Nxc5 22. b4 Ne4 23. Nd6 Nxd6 24. exd6 Rd7 25. Rd3 e5 26. Rfd1 Rad8 27. Kf2 f6 28. R1d2 Kf7 29. Rc2 Ke6 30. Rc7 g5 31. b5 h5 32. e4 Rxc7 33. dxc7 Rc8 34. Rc3 Kd7 35. Rc6 Rxc7 36. Rxf6 Rc2+ 37. Kf1 Rc4 38. Rf5 Rxe4 39. Rxg5 h4 40. Rg7+ Kd6 41. Rxa7 Kc5 42. a4 Kb4 43. Ra6 Kc5 44. Ra8 Rb4 45. Ke2 Kd4 46. Rd8+ Ke4 47. Rh8 Rb2+ 48. Kd1 Rxg2 49. Rxh4+ Kd3 50. Rh3+ Kd4 51. Rh6 Kc4 52. h4 Kb4 53. Rxb6 Kxa4 54. Re6 Kxb5 55. Rxe5+ Kc4 56. Rg5 Rh2 57. h5 Kd3 58. Ke1 Ke3 59. Kf1 Kf4 60. Ra5 Kg4 1/2-1/2

[Event "Torquay Paignton Rowena op"]
[Site "Torquay"]
[Date "2018.09.02"]
[Round "1"]
[White "Hibbitt, Arthur M"]
[Black "Adaway, William"]
[Result "1/2-1/2"]
[WhiteElo "150"]
[BlackElo "163"]
[PlyCount "125"]
[EventDate "2018.09.02"]
[EventType "swiss"]
[EventRounds "7"]
[EventCountry "ENG"]
[SourceTitle "CBM 187 Extra"]
[Source "ChessBase"]
[SourceDate "2018.11.04"]
[SourceVersion "1"]
[SourceVersionDate "2018.11.04"]
[SourceQuality "1"]

1. e4 e5 2. Nf3 d6 3. g3 Nf6 4. Nc3 Be7 5. Bg2 0-0 6. 0-0 a6 7. Re1 Re8 8. d4 exd4 9. Nxd4 Bf8 10. Bg5 h6 11. Bxf6 Qxf6 12. Nd5 Qd8 13. Kh1 Nd7 14. a4 c6 15. Nf4 Nf6 16. c4 Qa5 17. Rb1 Ng4 18. Qc2 Qc5 19. Rbd1 Ne5 20. b3 Bg4 21. f3 Bd7 22. Qc3 b5 23. axb5 axb5 24. Nd3 Nxd3 25. Rxd3 bxc4 26. bxc4 Ra4 27. Rc1 Rb8 28. h4 Rbb4 29. Nb3 Qa7 30. f4 Ra2 31. Rd2 Rxd2 32. Nxd2 Qb6 33. Kh2 Be6 34. f5 Bc8 35. f6 Be6 36. e5 d5 37. cxd5 Bxd5 38. Bxd5 cxd5 39. fxg7 Bxg7 40. Qc8+ Kh7 41. Qf5+ Qg6 42. Qxg6+ Kxg6 43. Rc6+ Kf5 44. Nf3 Kg4 45. Ne1 Rb2+ 46. Rc2 Bxe5 47. Rxb2 Bxb2 48. Nd3 Bg7 49. Kg2 Bc3 50. Nf2+ Kf5 51. Kf3 d4 52. g4+ Ke5 53. Nd3+ Kd5 54. h5 Bd2 55. Nf2 Be3 56. Nd3 f6 57. Ne1 Bd2 58. Nd3 Kc4 59. Ke4 Kc3 60. Nc5 Be3 61. Nd3 Kd2 62. Nc5 Ke2 63. Nd3 1/2-1/2

[Event "Basingstoke Spring Bank op U1825"]
[Site "Basingstoke"]
[Date "2018.05.28"]
[Round "6.1"]
[White "Henley, Robert"]
[Black "Hibbitt, Arthur M"]
[Result "1/2-1/2"]
[WhiteElo "1765"]
[BlackElo "1781"]
[PlyCount "30"]
[EventDate "2018.05.25"]
[EventType "swiss"]
[EventRounds "7"]
[EventCountry "ENG"]
[SourceTitle "EXT 2023"]
[Source "ChessBase"]
[SourceDate "2022.10.05"]
[SourceVersion "1"]
[SourceVersionDate "2022.10.05"]
[SourceQuality "1"]

1. d4 d5 2. Nc3 Nc6 3. e4 dxe4 4. d5 Ne5 5. Nxe4 Nf6 6. Nxf6+ exf6 7. Bb5+ Bd7 8. Qe2 Be7 9. Bf4 0-0 10. 0-0-0 a6 11. Bxd7 Qxd7 12. Nf3 Nxf3 13. Qxf3 Bd6 14. Rhe1 Rfe8 15. Bxd6 cxd6 1/2-1/2

[Event "Basingstoke Spring Bank op U1825"]
[Site "Basingstoke"]
[Date "2018.05.26"]
[Round "2.8"]
[White "Hibbitt, Arthur M"]
[Black "Golding, William"]
[Result "1-0"]
[WhiteElo "1781"]
[BlackElo "1517"]
[PlyCount "73"]
[EventDate "2018.05.25"]
[EventType "swiss"]
[EventRounds "7"]
[EventCountry "ENG"]
[SourceTitle "EXT 2023"]
[Source "ChessBase"]
[SourceDate "2022.10.05"]
[SourceVersion "1"]
[SourceVersionDate "2022.10.05"]
[SourceQuality "1"]

1. f4 Nf6 2. Nf3 e6 3. g3 d5 4. Bg2 c5 5. d3 Nc6 6. 0-0 Qb6 7. c3 Be7 8. Na3 c4+ 9. d4 Bxa3 10. bxa3 Ne4 11. Qc2 a5 12. Ne5 Nxd4 13. cxd4 Qxd4+ 14. e3 Qxa1 15. Bd2 Qxf1+ 16. Kxf1 Nc5 17. e4 f6 18. Be3 Nxe4 19. Bxe4 fxe5 20. Bg2 0-0 21. Bc5 Rf7 22. Bd6 exf4 23. gxf4 b5 24. Qe2 Ra6 25. Be5 b4 26. h4 c3 27. h5 Rc6 28. Qc2 Rc4 29. Kg1 Bd7 30. Bf1 Rc8 31. Bd3 h6 32. Bh7+ Kh8 33. Bg6 Rff8 34. Qg2 Be8 35. Bxe8 Rg8 36. Qg6 c2 37. Qxh6# 1-0

[Event "Basingstoke Spring Bank op U1825"]
[Site "Basingstoke"]
[Date "2018.05.25"]
[Round "1.5"]
[White "Procter, Colin S"]
[Black "Hibbitt, Arthur M"]
[Result "1/2-1/2"]
[WhiteElo "1784"]
[BlackElo "1781"]
[PlyCount "45"]
[EventDate "2018.05.25"]
[EventType "swiss"]
[EventRounds "7"]
[EventCountry "ENG"]
[SourceTitle "EXT 2023"]
[Source "ChessBase"]
[SourceDate "2022.10.05"]
[SourceVersion "1"]
[SourceVersionDate "2022.10.05"]
[SourceQuality "1"]

1. d4 d5 2. Bf4 c5 3. e3 Nc6 4. c3 Nf6 5. Nd2 Bf5 6. Qb3 Qb6 7. dxc5 Qxb3 8. Nxb3 e5 9. Bg3 Nd7 10. Nf3 Bc2 11. Bb5 f6 12. 0-0 Nxc5 13. Nxc5 Bxc5 14. Rac1 Be4 15. Nd2 Bf5 16. Nb3 Bb6 17. c4 Bd3 18. Rfd1 Bxc4 19. Bxc4 dxc4 20. Rxc4 Ke7 21. Nc5 Rhd8 22. Rdc1 Bxc5 23. Rxc5 1/2-1/2

[Event "BCF-ch 103rd U180/2050"]
[Site "Bournemouth"]
[Date "2016.07.27"]
[Round "3"]
[White "Ashworth, Robert M"]
[Black "Hibbitt, Arthur M"]
[Result "1-0"]
[WhiteElo "1560"]
[BlackElo "1760"]
[PlyCount "47"]
[EventDate "2016.07.25"]
[EventType "swiss"]
[EventRounds "5"]
[EventCountry "ENG"]
[SourceTitle "EXT 2019"]
[Source "ChessBase"]
[SourceDate "2018.10.10"]
[SourceVersion "1"]
[SourceVersionDate "2018.10.10"]
[SourceQuality "1"]

1. e4 c5 2. c3 g6 3. d4 cxd4 4. cxd4 d5 5. exd5 Nf6 6. Nc3 Bg7 7. Bc4 0-0 8. Nge2 a6 9. a4 b6 10. 0-0 Ra7 11. Bf4 Nbd7 12. Ng3 Bb7 13. Re1 Re8 14. Qd2 Qa8 15. Bh6 Nxd5 16. Bxg7 Kxg7 17. Qg5 e6 18. Bxd5 Bxd5 19. Nxd5 exd5 20. Nf5+ Kh8 21. Nd6 Rf8 22. Re7 Qd8 23. Rae1 Ra8 24. Qxd5 1-0

[Event "BCF-ch Week1 PM op"]
[Site "Bournemouth"]
[Date "2016.07.26"]
[Round "2"]
[White "Hibbitt, Arthur M"]
[Black "Pafura, Godfrey"]
[Result "1-0"]
[WhiteElo "1760"]
[BlackElo "2061"]
[PlyCount "87"]
[EventDate "2016.07.25"]
[EventType "swiss"]
[EventRounds "5"]
[EventCountry "ENG"]
[SourceTitle "CBM 173 Extra"]
[Source "ChessBase"]
[SourceDate "2016.08.29"]
[SourceVersion "1"]
[SourceVersionDate "2016.08.29"]
[SourceQuality "1"]

1. f4 d5 2. Nf3 Nf6 3. g3 e6 4. Bg2 Be7 5. 0-0 0-0 6. d3 Nbd7 7. c3 c5 8. Qc2 Qb6 9. Kh1 Rd8 10. e4 c4 11. e5 cxd3 12. Qxd3 Ng4 13. Nd4 f6 14. exf6 Ndxf6 15. Qe2 Bc5 16. h3 Nh6 17. Be3 Nf7 18. b4 Bxd4 19. Bxd4 Qc7 20. Nd2 Ne8 21. Nf3 Ned6 22. g4 Ne4 23. Qe1 Qxf4 24. Kg1 Qc7 25. Rc1 b5 26. Nd2 Nxd2 27. Qxd2 e5 28. Bc5 Bb7 29. Rf2 Rd7 30. Rcf1 h6 31. h4 e4 32. g5 hxg5 33. Qe2 gxh4 34. Qh5 Re8 35. Qxh4 Re6 36. Bh3 Rh6 37. Qg4 Bc8 38. Bd4 Nd6 39. Rf8+ Kh7 40. Qf5+ Nxf5 41. Bxf5+ Rg6+ 42. Bxg6+ Kxg6 43. R1f2 Rd8 44. Rg2+ 1-0

[Event "West Bromwich 4NCL op-B 9th"]
[Site "West Bromwich"]
[Date "2016.07.10"]
[Round "5.7"]
[White "Hibbitt, Arthur M"]
[Black "Marlow, Ben"]
[Result "1/2-1/2"]
[WhiteElo "1760"]
[BlackElo "1809"]
[PlyCount "37"]
[EventDate "2016.07.08"]
[EventType "swiss"]
[EventRounds "5"]
[EventCountry "ENG"]
[SourceTitle "EXT 2023"]
[Source "ChessBase"]
[SourceDate "2022.10.05"]
[SourceVersion "1"]
[SourceVersionDate "2022.10.05"]
[SourceQuality "1"]

1. f4 Nf6 2. Nf3 d5 3. g3 g6 4. Bg2 Bg7 5. d3 c6 6. 0-0 0-0 7. c3 Ng4 8. h3 Qb6+ 9. d4 Nf6 10. Nbd2 Bf5 11. g4 Be4 12. Nxe4 Nxe4 13. Nd2 Nxd2 14. Qxd2 e6 15. Kh1 Nd7 16. g5 c5 17. e3 cxd4 18. exd4 Nb8 19. h4 1/2-1/2

[Event "West Bromwich 4NCL op-B 9th"]
[Site "West Bromwich"]
[Date "2016.07.08"]
[Round "1.5"]
[White "Hibbitt, Arthur M"]
[Black "Ireland, David J"]
[Result "0-1"]
[WhiteElo "1760"]
[BlackElo "1914"]
[PlyCount "68"]
[EventDate "2016.07.08"]
[EventType "swiss"]
[EventRounds "5"]
[EventCountry "ENG"]
[SourceTitle "EXT 2023"]
[Source "ChessBase"]
[SourceDate "2022.10.05"]
[SourceVersion "1"]
[SourceVersionDate "2022.10.05"]
[SourceQuality "1"]

1. d4 Nf6 2. c4 c5 3. d5 b5 4. Nc3 b4 5. Nb1 e6 6. Bg5 h6 7. Bh4 g5 8. Bg3 Bg7 9. Nd2 Nh5 10. Qc2 f5 11. f3 Nxg3 12. hxg3 Qc7 13. 0-0-0 Qxg3 14. e4 0-0 15. Ne2 Qe5 16. f4 gxf4 17. Rh4 fxe4 18. Nxe4 b3 19. axb3 Na6 20. N2c3 Nb4 21. Qe2 exd5 22. Rh5 f3 23. gxf3 Qxh5 24. Nxd5 Nxd5 25. Rxd5 Qxf3 26. Qxf3 Rxf3 27. Bg2 Rxb3 28. Rd2 Rab8 29. Nd6 Bb7 30. Nxb7 R8xb7 31. Bd5+ Kh8 32. Re2 Bxb2+ 33. Kc2 Bf6 34. Re8+ Kh7 0-1

[Event "BCF-chT3 1314 (4NCL)"]
[Site "England"]
[Date "2014.05.05"]
[Round "11.2"]
[White "Hibbitt, Arthur M"]
[Black "Cooke, Charlie"]
[Result "1/2-1/2"]
[WhiteElo "1792"]
[BlackElo "1754"]
[PlyCount "57"]
[EventDate "2013.11.16"]
[EventType "team-swiss"]
[EventRounds "11"]
[EventCountry "ENG"]
[SourceTitle "EXT 2015"]
[Source "ChessBase"]
[SourceDate "2014.11.20"]
[SourceVersion "1"]
[SourceVersionDate "2014.11.20"]
[SourceQuality "1"]
[WhiteTeam "Banbury Bulldogs"]
[BlackTeam "BCM Hippos III"]
[WhiteTeamCountry "ENG"]
[BlackTeamCountry "ENG"]

1. f4 d5 2. Nf3 c5 3. g3 Nc6 4. Bg2 Nf6 5. 0-0 e6 6. d3 Be7 7. c3 0-0 8. Na3 a6 9. Nc2 Qc7 10. Qe1 b6 11. e4 Bb7 12. Bd2 Rad8 13. e5 Ne8 14. d4 cxd4 15. cxd4 Nxe5 16. fxe5 Qxc2 17. Bb4 Qc7 18. Rc1 Qd7 19. Rc2 a5 20. Bxe7 Qxe7 21. Qd2 Nc7 22. Rfc1 Na8 23. Bf1 Rc8 24. Bd3 Rxc2 25. Rxc2 Rc8 26. Rxc8+ Bxc8 27. Qc2 Qc7 28. Bxh7+ Kf8 29. Qd2 1/2-1/2

[Event "BCF-chT3S 1314 (4NCL)"]
[Site "England"]
[Date "2014.02.15"]
[Round "5.13"]
[White "Hibbitt, Arthur M"]
[Black "Moore, John R"]
[Result "0-1"]
[WhiteElo "1830"]
[BlackElo "1698"]
[PlyCount "108"]
[EventDate "2013.11.16"]
[EventType "team-swiss"]
[EventRounds "6"]
[EventCountry "ENG"]
[SourceTitle "EXT 2015"]
[Source "ChessBase"]
[SourceDate "2014.11.20"]
[SourceVersion "1"]
[SourceVersionDate "2014.11.20"]
[SourceQuality "1"]
[WhiteTeam "Banbury Bulldogs"]
[BlackTeam "BCM Bison IV"]
[WhiteTeamCountry "ENG"]
[BlackTeamCountry "ENG"]

1. f4 d5 2. Nf3 Nf6 3. g3 g6 4. Bg2 Bg7 5. 0-0 0-0 6. d3 Re8 7. c3 c6 8. Qe1 Qb6+ 9. Kh1 a5 10. e4 dxe4 11. dxe4 Na6 12. Nbd2 Nc5 13. Ne5 Ng4 14. Nxg4 Bxg4 15. Qe3 Na4 16. Nc4 Qb5 17. Na3 Qc5 18. Qxc5 Nxc5 19. h3 Be6 20. Be3 Na4 21. Bd4 Red8 22. f5 gxf5 23. exf5 Bd5 24. Bxd5 Rxd5 25. Bxg7 Kxg7 26. Rae1 Kf6 27. g4 Rg8 28. Nc4 h5 29. Re4 hxg4 30. Ne3 Nxb2 31. Nxd5+ cxd5 32. Rxg4 Rc8 33. Rf3 Nc4 34. h4 Ne5 35. Rgg3 Nxf3 36. Rxf3 Rc4 37. Rh3 Kxf5 38. h5 Rc8 39. Kg2 Rh8 40. Rf3+ Ke6 41. Rh3 Rh6 42. Kg3 Kf5 43. Kh4 f6 44. Rf3+ Ke6 45. Rf2 Kd6 46. Rb2 e5 47. Rxb7 e4 48. Rb2 Ke5 49. Kg4 Rh8 50. Rb7 Rg8+ 51. Kh4 e3 52. h6 Kf4 53. Rg7 Rh8 54. h7 e2 0-1

[Event "BCF-ch 5-day op AM Week 2"]
[Site "Torquay"]
[Date "2013.08.05"]
[Round "1"]
[White "Littlejohns, David"]
[Black "Hibbitt, Arthur M"]
[Result "1-0"]
[WhiteElo "2035"]
[BlackElo "1874"]
[PlyCount "103"]
[EventDate "2013.08.05"]
[EventType "swiss"]
[EventRounds "5"]
[EventCountry "ENG"]
[SourceTitle "EXT 2023"]
[Source "ChessBase"]
[SourceDate "2022.10.05"]
[SourceVersion "1"]
[SourceVersionDate "2022.10.05"]
[SourceQuality "1"]

1. e4 g6 2. d4 Bg7 3. Nc3 c5 4. Nf3 cxd4 5. Nxd4 a6 6. Be3 Nc6 7. Be2 Nf6 8. 0-0 d6 9. Qd2 Bd7 10. a4 Nxd4 11. Bxd4 0-0 12. f3 Bc6 13. Bc4 Nd7 14. Bxg7 Kxg7 15. Qd4+ Kg8 16. Bd5 Qb6 17. Qxb6 Nxb6 18. Bxc6 bxc6 19. Rfd1 Rab8 20. b3 Rfd8 21. Kf2 e6 22. Rd2 d5 23. Rad1 Rd7 24. Ne2 Rbd8 25. a5 Nc8 26. e5 Ne7 27. Nc3 Rb7 28. Ne4 Rb5 29. Nd6 Rbb8 30. Nc4 Rdc8 31. Nb6 Rc7 32. b4 Nc8 33. Nxc8 Rcxc8 34. c3 c5 35. Rb1 cxb4 36. Rxb4 Rxb4 37. cxb4 Rb8 38. Rb2 Rb5 39. Ke3 Kg7 40. Kd4 g5 41. g3 Kg6 42. g4 f6 43. Rb3 Rb8 44. exf6 Kxf6 45. b5 axb5 46. Kc5 Ke7 47. a6 Rc8+ 48. Kb6 Kd7 49. a7 Rc6+ 50. Kxb5 Rc8 51. Ra3 Ra8 52. Kb6 1-0